La violencia contra la mujer. Revisión analítica con perspectiva de género, de diversidad y de derecho penal mínimo / (Registro nro. 5484)
[ vista simple ]
| 000 -LEADER | |
|---|---|
| fixed length control field | 01637nab a22002537a 4500 |
| 003 - CONTROL NUMBER IDENTIFIER | |
| control field | OSt |
| 005 - DATE AND TIME OF LATEST TRANSACTION | |
| control field | 20251204100757.0 |
| 008 - FIXED-LENGTH DATA ELEMENTS--GENERAL INFORMATION | |
| fixed length control field | 190502c xxu||||| |||| 00| 0 spa d |
| 040 ## - CATALOGING SOURCE | |
| Transcribing agency | PJ |
| 100 ## - MAIN ENTRY--PERSONAL NAME | |
| Personal name | Contreras Alderete, Lucas |
| 9 (RLIN) | 6480 |
| 245 13 - TITLE STATEMENT | |
| Title | La violencia contra la mujer. Revisión analítica con perspectiva de género, de diversidad y de derecho penal mínimo / |
| Statement of responsibility, etc | Lucas Contreras Alderete. |
| 260 ## - PUBLICATION, DISTRIBUTION, ETC. (IMPRINT) | |
| Place of publication, distribution, etc | Ciudad Autónoma de Buenos Aires : |
| Name of publisher, distributor, etc | Thomson Reuters La Ley, |
| Date of publication, distribution, etc | 2025. |
| 300 ## - PHYSICAL DESCRIPTION | |
| Extent | p. 3-23 |
| 500 ## - GENERAL NOTE | |
| General note | Cita Online: AR/DOC/229/2025. |
| 505 ## - FORMATTED CONTENTS NOTE | |
| Formatted contents note | Sumario: I. Introducción.— II. Femicidio.— III. Homicidio agravado por mediar una relación de pareja.— IV. Homicidio agravado por odio a la orientación sexual, identidad de género o su expresión.— V. Homicidio transversal.— VI. Circunstancias extraordinarias de atenuación.— VII. Problemas procesales en torno a los delitos de violencia de género. Testigo único versus principio de inocencia.— VIII. El instituto de la suspensión del juicio a prueba y los delitos de violencia de género. |
| 505 ## - FORMATTED CONTENTS NOTE | |
| Title | Fallo comentado: CNFed. Crim. y Correc., sala I ~ 23/09/2024 ~ Maduro Moros, Nicolás s/ queja de la querella - recurso de queja N.º 6. |
| 505 ## - FORMATTED CONTENTS NOTE | |
| Title | ¿Te interesa el texto completo? Solicitalo al correo: koha@justierradelfuego.gov.ar |
| 650 #0 - SUBJECT ADDED ENTRY--TOPICAL TERM | |
| 9 (RLIN) | 343 |
| Topical term or geographic name as entry element | DERECHO PENAL |
| 650 #0 - SUBJECT ADDED ENTRY--TOPICAL TERM | |
| 9 (RLIN) | 3054 |
| Topical term or geographic name as entry element | FEMICIDIO |
| 650 #0 - SUBJECT ADDED ENTRY--TOPICAL TERM | |
| 9 (RLIN) | 3053 |
| Topical term or geographic name as entry element | VIOLENCIA DE GÉNERO |
| 650 #0 - SUBJECT ADDED ENTRY--TOPICAL TERM | |
| 9 (RLIN) | 4044 |
| Topical term or geographic name as entry element | PERSPECTIVA DE GÉNERO |
| 773 0# - HOST ITEM ENTRY | |
| Host Biblionumber | 2729 |
| Host Itemnumber | 3180 |
| Place, publisher, and date of publication | Buenos Aires : LexisNexis, 2006- |
| Title | Revista de derecho penal y procesal penal. Nº 4 - Abril 2025 |
| International Standard Book Number | 9875920622 |
| 942 ## - ADDED ENTRY ELEMENTS (KOHA) | |
| Source of classification or shelving scheme | |
| Koha item type | Analítica Artículo de Revista |
No hay ítems disponibles.
